Movies Quiz

Random Movies or Actor Quiz

Male Lead by Co-Stars Quiz Stats

 Plays Quiz Updated Jan 18, 2015

Also try: Movie Twosomes
Challenge
Share
Tweet
Embed
Score 0/20 Timer 06:00
2 Plays Today
Co-Stars Male Lead % Correct
Daryl Hannah, Denzel Washington, Meg Ryan, Robin Wright, Volley BallTom Hanks
89.9%
Mark Hamill, Kelly McGillis, Melanie Griffith, Tommy Lee Jones, Daniel CraigHarrison Ford
85.8%
Danny Glover, Goldie Hawn, Helen Hunt, Jodie Foster, Sophie MarceauMel Gibson
83%
Martin Lawrence, Tommy Lee Jones, Kevin Kline, Kevin James, Jaden SmithWill Smith
76.4%
Morgan Freeman, Edward Norton, George Clooney, Angelina Jolie, Cate BlanchettBrad Pitt
74.2%
John Candy, Andie MacDowell, Dan Aykroyd, Jason Schwartzman, Scarlett JohanssonBill Murray
72.2%
Winona Ryder, Mary Stuart Masterson, Orlando Bloom, Christina Ricci, Kate WinsletJohnny Depp
71.5%
Mary Astor, Ingrid Bergman, Lauren Bacall, Walter Huston, Katharine HepburnHumphrey Bogart
69%
Rupert Grint, Emma Watson, Maggie Smith, Ralph Fiennes, Alan RickmanDaniel Radcliffe
68.3%
Ben Affleck, Gwyneth Paltrow, Will Smith, Leonardo DiCaprio, Emily BluntMatt Damon
66.6%
Co-Stars Male Lead % Correct
Catherine Keener, Anne Hathaway, Tina Fey, Paul Rudd, Ryan GoslingSteve Carell
60.6%
Katherine Heigl, Elizabeth Banks, Adam Sandler, Jay Chou, James FrancoSeth Rogen
60.3%
Jackie Gleason, Patricia Neal, George Kennedy, Robert Redford, Tom CruisePaul Newman
55.1%
Janet Margolin, Louise Lasser, Diane Keaton, Zero Mostel, Mia FarrowWoody Allen
54.7%
James Caan, Christina Applegate, Nicole Kidman, John C. Reilly, Jon HederWill Ferrell
53.2%
Dennis Hopper, Faye Dunaway, Shelley Duvall, Tom Cruise, Morgan FreemanJack Nicholson
51.6%
Vivien Leigh, Karl Malden, Al Pacino, Maria Schneider, Martin SheenMarlon Brando
50.9%
Zero Mostel, Cleavon Little, Marty Feldman, Richard Pryor, Kelly LeBrockGene Wilder
49.1%
Bernadette Peters, Lily Tomlin, Daryl Hannah, John Candy, Michael CaineSteve Martin
43.3%
Susan Sarandon, James Earl Jones, Rene Russo, Sean Connery, Kelly PrestonKevin Costner
42.5%

You're not logged in!

Compare scores with friends on all Sporcle quizzes.
OR
Log In

You Might Also Like...

Show Comments

Extras

Top Quizzes Today


Score Distribution

Your Account Isn't Verified!

In order to create a playlist on Sporcle, you need to verify the email address you used during registration. Go to your Sporcle Settings to finish the process.

Report this User

Report this user for behavior that violates our Community Guidelines.

Details: